000 00786nam a2200253Ia 4500
003 OSt
005 20220926012328.0
006 a|||||r|||| 00| 0
007 ta
008 220923b |||||||| |||| 00| 0 eng d
020 _a0521801699
037 _cGeneral Book
040 _aRTL
_cRTL
_beng
041 _2eng
_aeng
082 _aX61.1.P, P1
100 _aBritton Andrew
_9248416
245 0 _aMonetary regimes of the twentieth century
260 _aNew York
_bCambridge University Press U S A
_c2001
300 _axi, 244p. Bibliography p.232-39
_ccm.
500 _aNational Institute of Economic and Social Research, 42.
650 _aEconomics-Money-International
_9232453
942 _hX61.1.P, P1
_cGB
_2CC
999 _c622547
_d622547